000 00345nam a2200157Ia 4500
003 OSt
005 20240102100818.0
008 170524s9999 xx 000 0 und d
020 _a8174732500
040 _ciimt university meerut
100 _aSINGH- SP
100 _c2004
245 0 _aCORPORETE STRATEGY
260 _aAITBS
942 _2ddc
_c02
999 _c2092
_d2092